000 00425nam a2200181Ia 4500
001 16252
005 20260306170256.0
008 260306t1987||||xx |||||||||||||| ||und||
041 _aESP
082 _a347.51
_bM27
100 _aMascheroni, Fernando Horacio
_eAUT
245 0 _aDerecho societario
260 _c1987
300 _a191 páginas :
_c21 cm.
650 _aGEN
654 _aCDE
942 _cLIB
_dJUS
_fJUS
_2ddc
_n
999 _c16252
_d16252